Православний вісник (Запис № 573037)
[ простий вигляд ]
| 000 -Лідер | |
|---|---|
| fixed length control field | 01233 a2200193 4500 |
| 001 - Контрольний номер | |
| control field | 216222733 |
| 003 - Ідентифікатор контрольного номера | |
| control field | UA-OsUOA |
| 005 - Дата та час останнього входження (трансакції) | |
| control field | 20220912161359.0 |
| 008 - Елементи даних фіксованої довжини – загальна інформація | |
| fixed length control field | 220825b un ||||| |||| 00| 0 ukr d |
| 040 ## - Джерело каталогізації | |
| Агенція оригінальної каталогізації | UA-OsUOA |
| Мова каталогізації | ukr |
| Агенція, яка здійснювала перезапис | UA-OsUOA |
| Агенція, яка здійснювала модифікацію | UA-OsUOA |
| 041 ## - Код мови | |
| Код мови тексту/ звукової доріжки чи окремого заголовка (П) | ukr |
| 080 ## - Індекс Універсальної десяткової класифікації | |
| Індекс Універсальної десяткової класифікації (УДК) (НП) | 050 |
| 090 ## - Локальний шифр розміщення | |
| Класифікаційний індекс УДК | 050 |
| Авторський знак (НП) | П68 |
| 245 ## - Відомості про назву | |
| Назва (НП) | Православний вісник |
| Назва частини/ розділу роботи | 1949: № 3; 1953: № 2, 3; 1954: № 2, 3; 1955: № 1; 1958: № 3; 1960: № 1; 1968: № 9; 1969: № 3, 6, 7; 1970: №1, 2, 3, 4, 6, 7, 8, 9, 11, 12; 1971: № 1, 3, 4; 1973: № 3, 5, 9, 10, 11; 1974: 2, 3, 12; 1976: № 3, 7; 1977: № 3, 4, 9, 10, 11, 12; 1978: № 1, 2, 3, 4, 5, 6; 1979: № 12; 1980: № 1, 2, 3, 4, 5, 8; 1981: № 4, 5, 6, 7, 8, 9, 12; 1982: № 1, 2, 4, 5, 6, 7, 8, 9, 10, 11, 12; 1983: № 1, 5, 6, 7, 8, 9, 10, 11, 12; 1984: № 1, 2, 3, 4, 5, 6, 7, 8, 9, 10; 1985: № 3, 4, 5, 6, 7, 8, 9, 10, 11; 1986: № 1, 2, 3, 5, 6, 7-8, 9, 10, 12; 1987: № 4, 5, 6, 7; 1988: № 4, 5; 1989: № 10, 11, 12; 1997: № 7-8, 11-12; |
| 650 ## - Додаткове предметне введення – тематичний термін | |
| Джерело заголовка чи терміна | UDC |
| Тематичний термін чи географічна назва, як елемент введення (НП) | 050 Періодика |
| 942 ## - Додаткові елементи входу (Коха) | |
| Тип елемента Koha | Журнал |
| Source of classification or shelving scheme | Universal Decimal Classification |
| 955 ## - Код типу видання за змістом | |
| Код типу видання за змістом (НП) | інше |
| Стан вилучень | Стан втрат | Джерело класифікації або схеми стелажів | Стан уражень | Не для кредиту | Код колекції | Постійне місце розташування | Поточне розміщення | Дата придбання | Джерело придбання | Вартість, звичайна ціна покупки | Усього замовленно | Повний номер виклику | Штрих-код | Дата останнього перегляду | Ціна ефективна від | Тип елемента Koha |
|---|---|---|---|---|---|---|---|---|---|---|---|---|---|---|---|---|
| Universal Decimal Classification | Колекція Центру дослідження імміграційної історії Міннесотського університету | Наукова бібліотека ІДУД | Наукова бібліотека ІДУД | 25/08/2022 | Акт надходження № 5 (25.08.2022, Періодика ауд.34) | 1.00 | 050 П68 | 216222735 | 25/08/2022 | 25/08/2022 | Журнал |